Most International Countries - Statistics

General Stats
  • This quiz has been taken 40 times
  • The average score is 17 of 20
Answer Stats
# Country % Correct
102 United Kingdom
100%
120 France
97%
98 Germany
97%
89 Italy
97%
89 Spain
97%
80 Canada
94%
120 Turkey
94%
105 United States
94%
76 China
92%
46 Japan
89%
59 India
86%
87 Netherlands
86%
108 United Arab Emirates
81%
48 Singapore
75%
49 South Korea
75%
75 Switzerland
75%
59 Thailand
75%
53 Denmark
72%
54 Greece
72%
86 Qatar
67%
No matching quizzes found
Score Distribution
Percent of People with Each Score
Percentile by Number Answered
Your Score History
You have not taken this quiz